| 000 | 00504 a2200157 4500 | ||
|---|---|---|---|
| 003 | Nust | ||
| 005 | 20220722181930.0 | ||
| 040 | _cNust | ||
| 082 | _a004.16,CHI | ||
| 100 |
_aChien, Chao C. _960844 |
||
| 245 |
_aIntroduction to the microcomputer and its applications : _bPC-DOS, wordstar, lotus and dbase / _cChao C. Chien |
||
| 260 |
_aNew Delhi _bGalgotia _c1989 |
||
| 300 | _a462 p.: | ||
| 505 | _aPART-1: Computer Fundamentals (Page-1) PART-2: Applications (Page-43). | ||
| 942 |
_2ddc _cBK _k004.16,CHI |
||
| 999 |
_c193289 _d193289 |
||